The determinants of grade attainment in low-income countries: evidence from rural bangladesh /
Tallennettuna:
| Päätekijä: | |
|---|---|
| Aineistotyyppi: | Teksti |
| Tagit: |
Lisää tagi
Ei tageja, Lisää ensimmäinen tagi!
|
MARC
| LEADER | 00000 a a2200000 04500 | ||
|---|---|---|---|
| 001 | 40847 | ||
| 003 | |||
| 040 | |||
| 100 | |a Grira, Hayfa | ||
| 245 | |a The determinants of grade attainment in low-income countries: |b evidence from rural bangladesh / |c Hayfa Grira | ||
| 773 | |g volumen42, número4 ( , 2004), páginas 497-509 : tablas, gráficos | ||
| 999 | |c 31422 |d 31422 | ||
